| 000 | 00626nam a2200205 u 4500 | ||
|---|---|---|---|
| 005 | 20240228064256.0 | ||
| 008 | 170127s2007 r 000 0 eng d | ||
| 020 | _a1404267522 | ||
| 035 | _aUPN01000215633 | ||
| 049 | _aI | ||
| 050 | 4 |
_aPZ7 _bL4.2 |
|
| 100 | 1 |
_aLeigh, Autumn, _d1971- _933791 |
|
| 245 | 1 | 0 |
_aAmigos diferentes / _cAutumn Leigh ; tr. María Cristina Brusca. |
| 260 |
_aNew York : _bRosen Classroom Books & Materials, _c2007. |
||
| 300 |
_a8 p. : _bil. col. |
||
| 440 | 0 |
_aLecturas del barrio. _pCiencia ficción |
|
| 650 | 4 |
_aLibros y lectura para niños _92290 |
|
| 905 | _aInfantil | ||
| 999 |
_c187733 _d187733 |
||